Miasta wspomniane w wierszu "Siedmiomilowe buty" - Statystyki

Ogólne statystyki
  • Ten quiz został rozwiązany 71 razy
  • Średni wynik to 6 z 15
Statystyki odpowiedzi
Miasto % Poprawnych
Warszawa
98%
Częstochowa
53%
Szczecin
48%
Kielce
36%
Płock
36%
Kalisz
33%
Kutno
33%
Skierniewice
33%
Koszalin
31%
Ciechocinek
29%
Łomża
29%
Opoczno
26%
Błonie
24%
Grodzisk (nie sprecyzowano, który)
24%
Radzymin
24%
Nie znaleziono quizów pasujących do podanych kryteriów
Rozkład punktacji
Procent ludzi z każdym wynikiem
Percentyl według liczby udzielonych odpowiedzi
Twoja historia wyników
Nie rozwiązałeś tego quizu